Statistics for Countries with most rape crimes

Click here to take the quiz!

General Stats

  • This quiz has been taken 516 times
    (490 since last reset)
  • The average score is 6 of 10

Answer Stats

Total countCountry% Correct
84767United States
98%
22172India
84%
14993Mexico
77%
4907Russia
76%
48259South Africa
59%
7724Germany
58%
6378Australia
45%
3149Colombia
45%
5960Sweden
41%
4636Thailand
34%

Score Distribution

Percentile by Number Answered

Percent of People with Each Score

Your Score History

You have not taken this quiz since the last reset